Miasta w województwie dolnośląskim - nagła śmierć - Statystyki

Ogólne statystyki
  • Ten quiz został rozwiązany 1 108 razy
  • Średni wynik to 9 z 20
Answers on the Grid
Answers color-coded by a green-red scale on the quiz's grid according to % correct below.
Jelcz-Laskowice
Lubin
Lublin
Zielona Góra
Oleśnica
Kłodzko
Brzeg
Nysa
Głogów
Świdnica
Świdnik
Jaworzno
Jawor
Bolesławiec
Oborniki
Oborniki Śląskie
Wodzisław Śląski
Żytawa
Żagań
Rawicz
Szklarska Poręba
Wrocław
Leszno
Ostrawa
Drezno
Wieluń
Kępno
Świebodzin
Bielsko-Biała
Czechowice-Dziedzice
Gliwice
Legnica
Brzeg Dolny
Stronie Śląskie
Polanica-Zdrój
Nowa Ruda
Ruda Śląska
Złoty Stok
Kamienna Góra
Supraśl
Kostrzyn nad Odrą
Nowogród Bobrzański
Igława
Dębica
Kraków
Dzierżoniów
Złotoryja
Złocieniec
Złotów
Niemodlin
 
Statystyki odpowiedzi
Odpowiedź % Poprawnych
Wrocław
64%
Legnica
63%
Lubin
56%
Bolesławiec
54%
Świdnica
54%
Kłodzko
53%
Oleśnica
52%
Głogów
51%
Złotoryja
51%
Szklarska Poręba
49%
Jawor
46%
Dzierżoniów
45%
Jelcz-Laskowice
40%
Kamienna Góra
39%
Polanica-Zdrój
39%
Oborniki Śląskie
38%
Stronie Śląskie
38%
Brzeg Dolny
37%
Złoty Stok
34%
Nowa Ruda
31%
Nie znaleziono quizów pasujących do podanych kryteriów
Rozkład punktacji
Procent ludzi z każdym wynikiem
Percentyl według liczby udzielonych odpowiedzi
Twoja historia wyników
Nie rozwiązałeś tego quizu